Statistics for Tennessee State Quiz

Click here to take the quiz!

General Stats

  • This quiz has been taken 96 times
  • The average score is 7 of 15

Answer Stats

HintAnswer% Correct
CapitalNashville
99%
Largest cityMemphis
96%
Third largest cityKnoxville
91%
Above is on what riverTennessee River
78%
Fourth largest cityChattanooga
72%
Plateau between #1 and #5Cumberland Plateau
66%
Above is on what riverCumberland River
66%
Fifth largest cityClarksville
41%
Above is in what mountainsSmoky Mountains
34%
Highest pointClingman's Dome
22%
#5 is in what valleyAppalachian Valley
20%
Mountain near #9Lookout Mountain
19%
Above is where what smaller river meets the Mississippi RiverWolf River
14%
Above is southwest of what lake?Chickamauga Lake
11%
Above is southeast of what lakeLake Barkley
8%

Score Distribution

Percentile by Number Answered

Percent of People with Each Score

Your Score History

You have not taken this quiz